书目信息 |
| 题名: |
河南大学校史
|
|
| 作者: | 河南大学校史修订组 | |
| 分册: | ||
| 出版信息: | 开封 河南大学出版社 2012.08 |
|
| 页数: | 413页 | |
| 开本: | 20cm | |
| 丛书名: | ||
| 单 册: | ||
| 中图分类: | G649.286.13 | |
| 科图分类: | ||
| 主题词: | 教育--各级 | |
| 电子资源: | ||
| ISBN: | 7-5649-0860-2 | |
| 000 | 00624nam0 2200193 450 | |
| 001 | 1438539042 | |
| 005 | 20141231104530.10 | |
| 010 | @a7-5649-0860-2@dCNY56.00 | |
| 100 | @a20141231d2012 km y0chiy0120 ea | |
| 101 | 0 | @achi |
| 102 | @aCN | |
| 200 | 1 | @a河南大学校史@Ahe nan da xue xiao shi@f河南大学校史修订组@Fhe nan da xue xiao shi xiu ding zu |
| 210 | @a开封@c河南大学出版社@d2012.08 | |
| 215 | @a413页@d20cm | |
| 606 | 0 | @a教育@x各级 |
| 690 | @aG649.286.13@v4 | |
| 701 | 0 | @a河南大学校史修订组@Ahe nan da xue xiao shi xiu ding zu |
| 801 | 0 | @aCN@b大连网信软件有限公司图书馆·11@c20141231 |
| 905 | @aZUCC@dG649.286.13@eH264 | |
| 河南大学校史/河南大学校史修订组.-开封:河南大学出版社,2012.08 |
| 413页;20cm |
| ISBN 7-5649-0860-2:CNY56.00 |
| ● |
| 相关链接 |
|
|
|
正题名:河南大学校史
索取号:G649.286.13/H264
 
预约/预借
| 序号 | 登录号 | 条形码 | 馆藏地/架位号 | 状态 | 备注 |
| 1 | 495195 | 204951953 | 社科库409/409社科库 15排3列1层/ [索取号:G649.286.13/H264] | 在馆 |